|
|
|
|
| LEADER |
00000nam a22000007a 4500 |
| 005 |
20151029114049.0 |
| 007 |
cr|z|| ||u| |
| 008 |
151029s2010 bl ||||| |||| 00||0 por d |
| 020 |
|
|
|a 9788536115603
|
| 035 |
|
|
|a 12818
|
| 040 |
|
|
|a vLex
|
| 090 |
|
|
|c 5627
|d 5627
|
| 100 |
1 |
|
|a Osmir Fiorelli, Još
|
| 245 |
1 |
0 |
|a Psicologia aplicada ao direito
|h [Recurso electrn̤ico] /
|c Jos ̌Osmir Fiorelli
|
| 256 |
|
|
|a Servicio en ln̕ea
|
| 260 |
|
|
|a Sô Paulo
|b LTR Editora
|c 2010
|
| 300 |
|
|
|a 1 recurso electrn̤ico
|
| 500 |
|
|
|a Em "Psicologia Aplicada ao Direito" os autores apresentam, de forma abrangente, precisa e prt̀ica, conhecimentos de Psicologia de grande valor para aqueles que se dedicam ao ensino, ao estudo e ̉prt̀ica do Direito. O profissional de Direito encontra orientaė̳s objetivas para lidar com as situaė̳s mais tp̕icas do cotidiano de suas atividades, o que representa maior competitividade com qualidade de vida. Ao professor-psicl̤ogo proporciona-se um material didt̀ico ajustado aos requisitos de ensino e aprendizagem, utilizv̀el como livro-texto para a disciplina de Psicologia em cursos de Direito. O estudante de Direito depara-se com mais de uma centena de situaė̳s reais, enriquecendo os conted︢os ter̤icos e assegurando contn̕uo vn̕culo com a prt̀ica. Este livro ,̌ tambm̌, de amplo interesse para estudantes e profissionais de Psicologia, na forma de leitura complementar, notadamente em cursos de Psicologia Organizacional, Psicologia Familiar e Psicologia no Trabalho. A neutralidade das abordagens e o enfoque humanista compe̳m o panorama ťico em que se constroem as anl̀ises e os conceitos apresentados.
|
| 506 |
1 |
|
|a Contenido solo disponible en los productos indicados
|d vLex Global
|d vLex Global (Academic Edition, excluding Law Schools)
|d vLex Global (U.S. Academic Edition, Law Schools)
|d vLex Global (U.S. Academic Edition, excluding Law Schools)
|d vLex Global (Academic Edition, Law Schools)
|
| 650 |
0 |
4 |
|a Derecho
|z Sô Paulo
|
| 700 |
1 |
|
|a Oliv ̌Malhadas Junior, Marcos Julio
|
| 740 |
0 |
|
|a vLex libros (servicio en ln̕ea)
|
| 856 |
4 |
0 |
|u http://vlex.com/source/psicologia-aplicada-ao-direito-12818
|z Acceso restringido
|
| 942 |
|
|
|c BOOK
|
| 999 |
0 |
|
|a Law
|